| 000 | 01468cam a2200241 4500 | ||
|---|---|---|---|
| 001 | X114321 | ||
| 008 | 010823n2001 000 0 eng u | ||
| 035 | _a(Sirsi) u114321 | ||
| 100 | _aButton, R | ||
| 245 | _aCalling it a day | ||
| 260 | _c2001 | ||
| 490 |
_aCSM _bChartered Surveyor Monthly _v(7&8) July/August 2001, 32(1) |
||
| 520 | _aDiscusses the legal problems that can arise at the termination of a contract. Often termination can only happen under a certain provision in the contract but it is not always the case. Though, even with a clause, it is not always easy to decide if the contractor has failed in his duties or just doing his best in difficult circumstances and should be allowed an extension of time. Article examines a case, "Rice v Great Yarmouth BC"(CA [2003] TCLR 1], where the clause had allowed a party the right to terminate in the event of any breach of contract by the other. The court decided that the breaches were not serious enough to warrant termination; this implies that clauses need to be drafted in very specific terms. Concludes that the financial consequences for a party who has wongfully terminated a contract can be severe. | ||
| 590 | _aABS | ||
| 650 |
_aContracts _96232 |
||
| 650 | _aTERMINATION CLAUSES | ||
| 650 | _aTERMINATION OF CONTRACT | ||
| 650 | _aRICE V GREAT YARMOUTH BC | ||
| 650 | _aBREACH OF CONTRACT | ||
| 690 | _aBUILT ENVIRONMENT-BUILDING CONTRACT FORMS | ||
| 700 | _aMills, R | ||
| 942 | _n0 | ||
| 999 |
_c68080 _d68080 |
||